|
|
|
แสดงรายละเอียดบรรณานุกรม |
|
|
Brief Record
: Get Marc (ISO 2709)
: E-mail record
: |
|
|
| LEADER 00000nam 2200000uu 4500 | |||
| 001 49912 | |||
| 003 ULIBM | |||
| 008 170130s||||||||th 000 0 tha d | |||
| 082 0 ^a R 547.84 ^b M-G | |||
| 100 0 ^a Mark, Herman F. | |||
| 245 00 ^a Giant molecules/ ^c Herman F. Mark | |||
| 250 ^a 1 st ed | |||
| 260 ^a New York: Time-life Books, ^c 1973 | |||
| 300 ^a 200 p | |||
| 999 ^aลภัสรดา แสงบุญเรือง | |||
| คุณยังไม่ได้ล็อกอิน คุณสามารถมีกิจกรรมร่วมกับเว็บไซต์ได้ แต่ต้องล็อกอินก่อน :: |
|
| สถานะ | |||||||||
| 1. | หนังสือ สถานะ=ใช้ในห้องสมุดเท่านั้น | R 547.84 M-G c.1 Barcode: 080340 | ►หนังสืออ้างอิง | On Shelf | |||||
| [แสดง 1/1 รายการ] | |||||||||

| รายการใกล้เคียง ผู้แต่ง [Mark, Herman F.] |
BibComment |
| คอมเมนท์ทรัพยากรรายการนี้ |
|
|
ห้องสมุดโรงเรียนสามัคคีวิทยาคม
159 ถ.บรรพปราการ ต.เวียง อ.เมือง จ.เชียงราย 57000
โทร. 053-711018 โทรสาร 053-713003